The crossing / (Record no. 4555)

MARC details
000 -LEADER
fixed length control field 00876nam a22002537a 4500
001 - CONTROL NUMBER
control field 4555
003 - CONTROL NUMBER IDENTIFIER
control field FISKH
005 - DATE AND TIME OF LATEST TRANSACTION
control field 20240916145057.0
008 - FIXED-LENGTH DATA ELEMENTS--GENERAL INFORMATION
fixed length control field 240916b cb ||||| |||| 00| 0 eng d
020 ## - INTERNATIONAL STANDARD BOOK NUMBER
International Standard Book Number 9780439786614
040 ## - CATALOGING SOURCE
Original cataloging agency FISKH
Language of cataloging eng
Transcribing agency FISKH
Modifying agency FISKH
050 ## - LIBRARY OF CONGRESS CALL NUMBER
Classification number PZ7.P2843
082 ## - DEWEY DECIMAL CLASSIFICATION NUMBER
Edition number 813.54
100 ## - MAIN ENTRY--PERSONAL NAME
Personal name Paulsen, Gary
Dates associated with a name (1939–2021)
245 ## - TITLE STATEMENT
Title The crossing /
Statement of responsibility, etc. Gary Paulsen
250 ## - EDITION STATEMENT
Edition statement This edition first printing in 2006
260 ## - PUBLICATION, DISTRIBUTION, ETC.
Place of publication, distribution, etc. New York :
Name of publisher, distributor, etc. Scholastic,
Date of publication, distribution, etc. 2006.
300 ## - PHYSICAL DESCRIPTION
Extent 117 pages :
Dimensions 18cm
520 ## - SUMMARY, ETC.
Summary, etc. Thirteen-year-old Manny, a street kid fighting for survival in a Mexican border town, develops a strange friendship with an emotionally disturbed American soldier who decides to help him get across the border.
650 ## - SUBJECT ADDED ENTRY--TOPICAL TERM
Source of heading or term Immigration
Topical term or geographic name entry element Survival
Form subdivision Homelessness
650 ## - SUBJECT ADDED ENTRY--TOPICAL TERM
Source of heading or term Poverty
Topical term or geographic name entry element Adventure
942 ## - ADDED ENTRY ELEMENTS (KOHA)
Source of classification or shelving scheme Dewey Decimal Classification
Koha item type Books
Suppress in OPAC No
Holdings
Withdrawn status Lost status Source of classification or shelving scheme Damaged status Not for loan Collection Home library Current library Shelving location Date acquired Total Checkouts Full call number Barcode Date last seen Copy number Price effective from Koha item type
    Dewey Decimal Classification     Fiction Footprints International School Library Network Toul Kork Campus Footprints International School Library Network Toul Kork Campus TTP Secondary Fiction Bookshelves 09/16/2024   PAU 813.54 PZ7.P2843 2024-1969 09/16/2024 1 09/16/2024 Books